00331nam a22001217a 45000050016000000200010000160350012000260370013000381000023000512450072000742600038001463000025001842012050206286.0 c00.00 aB-24344 aDPLbENG aDikholkar, Manisha aLovers of human rights and friends of India /cby Manisha Dikholkar aMumbaibHimalaya Publishing House axiii, 182p.c20 cms.